000 00580nam a2200193Ia 4500
003 OSt
005 20200724150721.0
008 190216s9999||||xx |||||||||||||| ||und||
020 _a8120302702
040 _coclc
082 _a512.897
_bHOF/L
100 _aHoffman, Kenneth
_93750
245 0 _aLinear Algebra /
_cKenneth Hoffman ; Ray Kunze
250 _a2nd Ed.
260 _bPrentice Hall of India Private Limited,
_bPHI Learning,
_c1998.
_aNew Delhi:
300 _a407p
650 _aMathematics
942 _cBK
_2ddc
_h512.897
_iHOF/L
_k512.897
_mHOF/L
999 _c31137
_d31137